Dos mayse-bukh fun mayn leben

Titel: Dos mayse-bukh fun mayn leben / Meylekh Raṿiṭsh
Verfasser:
Veröffentlicht: Buenos-Aires : Unión Central Israelita en la Argentina, 1962-1978
Format: Mehrteiliges Werk
Sprache: Jiddisch
Schlagworte:
Bände: alle Bände anzeigen
Kein Bild verfügbar
X
alg: 11185364
001A    $00030:04-06-03 
001B    $03025:14-06-23 $t09:15:51.000 
001D    $00030:04-06-03 
001U    $0utf8 
001X    $00 
002@    $0Acu 
002C    $aText $btxt $2rdacontent 
002D    $aohne Hilfsmittel zu benutzen $bn $2rdamedia 
002E    $aBand $bnc $2rdacarrier 
003@    $0111853648 
003O    $0175072790 $aOCoLC 
007A    $0111853648 $aHEB 
010@    $ayid 
010E    $erda 
011@    $a1962 $b1978 
013D    $RAutobiografische Literatur $RBiografie $RErlebnisbericht $RQuelle $RTagebuch $#Autobiography $#Autobiographie $#Autobiographies $#Autobiographies $#Autobiographie $#Autobiographisches Erzählen $#Autobiografisches Erzählen $#Erinnerungen Formschlagwort $#Lebenserinnerungen $#Memoiren $#Selbstbiographie $#Selbstbiografie $#Autobiographik $#Autobiografik $74003939-0 $8Autobiografie [Ts1] $9085002275 
021A    $aDos @mayse-bukh fun mayn leben $T01 $ULatn $hMeylekh Raṿiṭsh 
021A    $aדאס @מעשה-בוך פון מיין לעבן $T01 $UHebr $hמלך ראוויטש 
027A    $aDos @maiśe-buch fun main leben / Meilech Rawiṭš 
028A    $BVerfasser $#ראוויטש, מלך $#Raviṭsh, Melekh $#Raviṭsh, Meylekh $#Raviṭš, Meilech $#Ravitsch, Melech $#Ravitch, Melech $#Ravitch, M. $#Rawiṭš, Meleḵ $#Rawicz, Mełech $#Rawitsch, Melech $#Bergner, Zekharye K. $#Bergner, Zekharye Khone $#Bergner, Zeḵaryā Ḥ. $#Bergner, Sacharja-Chone $#Bergner, Zechariah Choneh $#Rawiṭš, Meilech $#Ravich, M. $#רביץ', מלך $#רויץ', מלך $#ברגנר, חנא זכריה $#בערגנער, זכריה חנא $T01 $4aut $ULatn $711901002X $8Ravitch, Melech$Z1893-1976 [Tp1] $9087350289 
028A    $BVerfasser $#ראוויטש, מלך $#Raviṭsh, Melekh $#Raviṭsh, Meylekh $#Raviṭš, Meilech $#Ravitsch, Melech $#Ravitch, Melech $#Ravitch, M. $#Rawiṭš, Meleḵ $#Rawicz, Mełech $#Rawitsch, Melech $#Bergner, Zekharye K. $#Bergner, Zekharye Khone $#Bergner, Zeḵaryā Ḥ. $#Bergner, Sacharja-Chone $#Bergner, Zechariah Choneh $#Rawiṭš, Meilech $#Ravich, M. $#רביץ', מלך $#רויץ', מלך $#ברגנר, חנא זכריה $#בערגנער, זכריה חנא $T01 $4aut $UHebr $711901002X $8ראוויטש, מלך$Z1893-1976 [Tp1] $9087350289 
033A    $pBuenos-Aires $nUnión Central Israelita en la Argentina 
037B    $aÜbers. des Sacht.: Das Geschichtenbuch von meinem Leben 
045F    $a909.04924094380904 $eDDC23BSB 
045F/01 $a909.04924 
045F/03 $f0904 
045F/03 $g438 
046C    $aThe @maʿaseh-book of my life $bParalleltitel 
046C    $aDos @maʿase-buch fun main lebn $bAbweichender Titel 
046L    $aJiddisch, in hebräischer Schrift 

lok: 11185364 3
101B    $003-01-18 $t16:58:15.000 
101C    $003-01-18 
101U    $0utf8 
145S/06 $a770 
145Z/01 $a907 900 T 246 
145Z/02 $a907 900 Ad 0100 

exp: 11185364 3 1 #EPN
201B/01 $004-06-03 $t21:41:05.000 
203@/01 $0184618053 
208@/01 $a04-06-03 $bdummy 
201U/01 $0utf8 

lok: 11185364 78

exp: 11185364 78 1 #EPN
201B/01 $014-06-23 $t09:15:51.000 
201C/01 $014-06-23 
201U/01 $0utf8 
203@/01 $01236024281 
208@/01 $a14-06-23 $be 
209A/01 $a/ $f000 $x00 
209A/01 $ab*p $x01 
220C/01 $apgar 
244Z/01 $#Generalgouvernement Polen $#Polska $#Rzeczpospolita Polska $#Polska Rzeczpospolita Ludowa $#Poland $#Pologne $#République Polonaise $#Generalne Gubernatorstwo w Polsce $#Polish People's Republic $#Polska Rzeczpospolita Polen $#PRL $#RP $#Polen Generalgouvernement $#Polska Generalgouvernement $#Besetzte Polnische Gebiete $#Besetztes Gebiet in Polen $#Okupowane Polskie Obszary $#Obszary Okupowane w Polsce $#Volksrepublik Polen $#Polska Rosyjska $#Republic Polen $#Respublika Pol'ša $#Pol'skaja Narodnaja Respublika $#République de Pologne $#Polen Links der Weichsel $#Polska po Lewej Stronie Wisły $#Lenkija $#Polija $#Gubernija Carstva Pol'skago $#Republik Polen $74046496-9 $8--Tg1--Polen $x01 $9085129801 
247C/01 $82080>Marburg/Lahn, Herder-Institut, Forschungsbibliothek, Bibliographieportal $9336309341
LEADER 00000cam a2200000 ca4500
001 111853648
003 DE-603
005 20230614091551.0
007 tu
008 030604s19621978xx |||| | u00||u|yid c
035 |a (DE-599)HEB111853648 
035 |a (OCoLC)175072790 
040 |a DE-603  |b ger  |c DE-603  |d DE-603  |e rda 
041 |a yid 
082 0 4 |8 1\u  |a 909.04924094380904  |q DE-101  |2 23/BSB 
085 |8 1\u  |b 909.04924 
085 |8 1\u  |z 1  |s 0904 
085 |8 1\u  |z 2  |s 438 
100 1 |6 880-02/Latn  |a Ravitch, Melech  |d 1893-1976  |e Verfasser  |4 aut  |0 (DE-603)087350289  |0 (DE-588)11901002X  |2 gnd 
245 0 0 |6 880-01/Latn  |a ˜Dosœ mayse-bukh fun mayn leben  |c Meylekh Raṿiṭsh 
246 1 |i Paralleltitel  |a The maʿaseh-book of my life 
246 1 |i Abweichender Titel  |a Dos maʿase-buch fun main lebn 
246 1 3 |a ˜Dosœ maiśe-buch fun main leben / Meilech Rawiṭš 
264 1 |a Buenos-Aires  |b Unión Central Israelita en la Argentina  |c 1962-1978 
336 |a Text  |b txt  |2 rdacontent 
337 |a ohne Hilfsmittel zu benutzen  |b n  |2 rdamedia 
338 |a Band  |b nc  |2 rdacarrier 
518 |a Übers. des Sacht.: Das Geschichtenbuch von meinem Leben 
546 |a Jiddisch, in hebräischer Schrift 
655 7 |a Autobiografie  |2 gnd-content  |0 (DE-588)4003939-0  |0 (DE-603)085002275 
880 0 0 |6 245-01/Hebr/r  |a ˜דאסœ מעשה-בוך פון מיין לעבן  |c מלך ראוויטש 
880 1 |6 100-02/Hebr/r  |a ראוויטש, מלך  |d 1893-1976  |e Verfasser  |4 aut  |0 (DE-603)087350289  |0 (DE-588)11901002X  |2 gnd 
924 0 |9 603  |a (DE-603)184618053  |b DE-603  |c HES  |d d 
924 0 |9 2080  |a (DE-603)1236024281  |b DE-2080  |c HES  |d d  |g /